| 000 | 00598cam a2200181 a 4500 | ||
|---|---|---|---|
| 020 | _a0471578452 (alk. paper) | ||
| 040 | _cDLC | ||
| 082 | 0 | 0 | _a155 WIL 1994 A001 Or. |
| 100 | 1 | _aKaufman, Alan S., | |
| 245 | 1 | 0 | _aIntelligent testing with the WISC-III / |
| 260 |
_aNew York : _bWiley, _cc1994. |
||
| 300 |
_axxii, 458 p. ; _c24 cm. |
||
| 500 | _a"A Wiley-Interscience publication." | ||
| 650 | 0 | _aWechsler Intelligence Scale for Children. | |
| 856 | 4 | 2 | _uhttp://www.loc.gov/catdir/description/wiley033/94004257.html |
| 856 | 4 | _uhttp://www.loc.gov/catdir/toc/onix03/94004257.html | |
| 942 | _cEK | ||
| 999 |
_c14045 _d14045 |
||